THE HOMEWORK SQUAD'S ADHD GUIDE TO SCHOOL SUCCESS / (Record no. 190562)
[ view plain ]
| 000 -LEADER | |
|---|---|
| fixed length control field | 01570nam a2200253 i 4500 |
| 003 - CONTROL NUMBER IDENTIFIER | |
| control field | OSt |
| 008 - FIXED-LENGTH DATA ELEMENTS--GENERAL INFORMATION | |
| fixed length control field | 201027s2021 waua j| 000 0 eng d |
| 020 ## - INTERNATIONAL STANDARD BOOK NUMBER | |
| International Standard Book Number | 9781433833755 |
| Terms of availability | RM79.90 |
| Qualifying information | hardback |
| 040 ## - CATALOGING SOURCE | |
| Original cataloging agency | PPAK |
| Language of cataloging | eng |
| Transcribing agency | PPAK |
| Description conventions | rda |
| 082 ## - DEWEY DECIMAL CLASSIFICATION NUMBER | |
| Edition number | 23 |
| Classification number | 371.94 |
| 090 00 - LOCALLY ASSIGNED LC-TYPE CALL NUMBER (OCLC); LOCAL CALL NUMBER (RLIN) | |
| Classification number (OCLC) (R) ; Classification number, CALL (RLIN) (NR) | 371.94 |
| Feature heading | SHI |
| Feature heading | K |
| 100 1# - MAIN ENTRY--PERSONAL NAME | |
| Personal name | Shifrin, Joshua, |
| Relator term | author. |
| 245 10 - TITLE STATEMENT | |
| Title | THE HOMEWORK SQUAD'S ADHD GUIDE TO SCHOOL SUCCESS / |
| Statement of responsibility, etc. | By Joshua Shifrin, PhD, ABSNP, NCSP, ADHD-CCSP ; Illustrated by Tracy Bishop Nishimura |
| 264 #1 - PRODUCTION, PUBLICATION, DISTRIBUTION, MANUFACTURE, AND COPYRIGHT NOTICE | |
| Place of production, publication, distribution, manufacture | Washington, DC : |
| Name of producer, publisher, distributor, manufacturer | Magination Press, |
| Date of production, publication, distribution, manufacture, or copyright notice | [2021] |
| 300 ## - PHYSICAL DESCRIPTION | |
| Extent | 131 pages : |
| Other physical details | colour illustrations ; |
| Dimensions | 24 cm. |
| 336 ## - CONTENT TYPE | |
| Content type term | text |
| Source | rdacontent |
| 337 ## - MEDIA TYPE | |
| Media type term | unmediated |
| Source | rdamedia |
| 338 ## - CARRIER TYPE | |
| Carrier type term | volume |
| Source | rdacarrier |
| 505 ## - FORMATTED CONTENTS NOTE | |
| Title | A word from the homework squad<br/> |
| -- | Read like a champ<br/> |
| -- | Make math click |
| -- | Write your heart out<br/> |
| -- | Listen up<br/> |
| -- | Set good goals |
| -- | Take note<br/> |
| -- | Study like a pro<br/> |
| -- | Power up the concentration |
| -- | Get it memorized<br/> |
| -- | Test better<br/> |
| -- | Fight procrastination<br/> |
| -- | A final word from the homework squad |
| 520 ## - SUMMARY, ETC. | |
| Summary, etc. | The homework squad is here for you! Having ADHD can get in the way of everything ... we know. This easy-to-use guide will help you with key study skills to improve your reading, writing, math, listening, memorization, concentration, and more! Bite-size tips and tricks, journal prompts, and advice for challenges help kids with ADHD recognize how they learn best and act on that knowledge. |
| 650 10 - SUBJECT ADDED ENTRY--TOPICAL TERM | |
| Topical term or geographic name entry element | Attention-deficit-disordered children |
| Form subdivision | Education |
| General subdivision | Juvenile literature. |
| 700 1# - ADDED ENTRY--PERSONAL NAME | |
| Personal name | Bishop, Tracy Nishimura, |
| Relator term | illustrator. |
| 942 ## - ADDED ENTRY ELEMENTS (KOHA) | |
| Source of classification or shelving scheme | Dewey Decimal Classification |
| Koha item type | Book |
| Withdrawn | Not for loan | Current library | Shelving location | Date acquired | Total Checkouts | Full call number | Barcode | Date last seen | Date last checked out | Koha item type | Total Renewals |
|---|---|---|---|---|---|---|---|---|---|---|---|
| Perpustakaan Alor Setar | Pinjaman Kanak-kanak | 02/02/2023 | 1 | K 371.94 SHI | A01766545 | 25/05/2025 | 21/05/2025 | Book | |||
| Perpustakaan Awam Sungai Petani | Pinjaman Kanak-kanak | 02/02/2023 | 2 | K 371.94 SHI | A01766546 | 19/07/2025 | 02/07/2025 | Book | |||
| Perpustakaan Jitra | Pinjaman Kanak-kanak | 02/02/2023 | 2 | K 371.94 SHI | A01766547 | 07/05/2025 | 21/04/2025 | Book | |||
| Perpustakaan Langkawi | Pinjaman Kanak-kanak | 02/02/2023 | 3 | K 371.94 SHI | A01766548 | 19/06/2024 | 28/05/2024 | Book | 1 |